000 01095cam a2200289 i 4500
001 15149974
003 EG-ScBUE
005 20251209093938.0
008 080122t2008 flua f b 001 0 eng
020 _a9781420060751 (hardback : alk. paper)
035 _a(OCoLC)148877315
040 _aEG-ScBUE
_beng
_erda
_cEG-ScBUE
_dEG-ScBUE
082 0 4 _a548
_222
_bJUL
100 1 _aJulian, Maureen M.,
_94775
_eauthor.
245 1 0 _aFoundations of crystallography :
_bwith computer applications /
_cMaureen M. Julian, Department of Materials Science and Engineering, Virginia Tech, USA.
264 1 _aBoca Raton :
_bCRC Press/Taylor and Francis Group,
_c[2008]
264 4 _cc2008
300 _axxvi, 340 pages :
_billustrations (some color) ;
_c27 cm
336 _2rdacontent
_atext
_btxt
337 _aunmediated
_2rdamedia
_bn
338 _avolume
_bnc
_2rdacarrier
504 _aIncludes bibliographical references and index.
650 7 _aCrystallography
_xData processing.
_94776
_2BUEsh
650 7 _aCrystallography, Mathematical.
_94777
_2BUEsh
655 _vReading book
942 _2ddc
_cBB
999 _c11540
_d11540